000 00311nam a22001337a 4500
008 170530b xxu||||| |||| 00| 0 eng d
020 _a9780307268297
041 _aeng
080 _a93
100 _a17
101 _aSHH
245 _aTHE DECLINE AND FALL OF THE BRITISH EMPIRE
_cBRENDON, P
942 _2udc
_cBK
999 _c15007
_d15007